| 000 | 00697nam a2200217Ii 4500 | ||
|---|---|---|---|
| 003 | JO-AjNU | ||
| 008 | 230605s9999||||xx |||||||||||||| ||und|| | ||
| 017 | _a1972/4304 | ||
| 040 |
_aJO-AjNU _bara _erda _cJO-AjNU |
||
| 041 | _aara | ||
| 050 | 1 | 4 | _aLB1051.A43 1972 |
| 100 | 3 |
_aصالح، أحمد زكي, _eauthor _935537 |
|
| 245 | 0 | 0 | _aعلم النفس التربوي، ج2 |
| 250 | _aط 10 مراجعة ومنقحة | ||
| 264 | 3 | 1 | _aالقاهرة:مكتبة النهضة المصرية،1972 |
| 300 | _aج2، 870ص | ||
| 336 |
_atext _btxt _2rdacontent |
||
| 337 |
_aunmediated _bn _2rdamedia |
||
| 338 |
_avolume _bnc _2rdacarrier |
||
| 650 | 4 |
_aعلم النفس التربوي _935538 |
|
| 999 |
_aA14682 _c18250 _d18250 |
||